| 000 | 00338nam a22001217a 4500 | ||
|---|---|---|---|
| 020 | _a9788120343863 | ||
| 082 |
_a621.3124 _bSOL/SO |
||
| 100 | _aSolanki, Chetan Singh | ||
| 245 | _aSolar photovoltaics: fundamentals, technologies and applications | ||
| 250 | _a2nd | ||
| 260 |
_aNew Delhi _bPHI learning private limited _c2012 |
||
| 942 | _cBK | ||
| 999 |
_c13978 _d13978 |
||